| 000 | 00754nam a2200229 i 4500 | ||
|---|---|---|---|
| 001 | bgj | ||
| 245 | 0 | 0 |
_aStudent's Guide for The Borzoi College Readers / _c[ed. by] Charles Muscatine, Marlene Griffith ; prepared by Charles Muscatine ; Marlene Griffith ; Jean M. O'Meara. |
| 250 | _a6th edition. | ||
| 260 |
_aNew York : _bAlfred A. Knopf, _cc. 1988. |
||
| 300 |
_aXI, 126 pp ; _c21 cm. |
||
| 650 | 9 | _aCollege readers | |
| 650 | 9 |
_aEnglish language _xRhetoric |
|
| 700 | 1 |
_aMUSCATINE, Charles. _eprep. |
|
| 700 | 1 |
_aGRIFFITH, Marlene. _eprep. |
|
| 700 | 1 |
_aO'MEARA, Jean M. _eprep. |
|
| 020 | _a0394383249 (pbk) | ||
| 040 | _cBPK | ||
| 041 | 0 | _aeng | |
| 920 | _a0-394-38324-9 (pbk) | ||
| 942 | _cKS | ||
| 008 | s uk f |000 0 eng | ||
| 999 |
_c47341 _d47341 |
||